000 00296nmm a2200097Ia 4500
008 220120s9999||||xx |||||||||||||||||und||
020 _a9971-51-394-3
100 _aDigit
245 0 _aJanuary 2011 : Linux distro debian 5, lego digiutal designer
260 _aNine dot nine interactive ltd.
_bNew York
999 _c139647
_d139647